Statistics for Most visited Island Countries

Click here to take the quiz!

General Stats

  • This quiz has been taken 126 times
  • The average score is 17 of 20

Answer Stats

TouristsCountry% Correct
19,737,000Japan
98%
3,491,000Cuba
95%
1,289,000Iceland
93%
34,436,000United Kingdom
93%
9,963,000Indonesia
92%
1,484,000Bahamas
91%
3,039,000New Zealand
91%
9,528,000Ireland
90%
2,080,000Jamaica
90%
1,783,000Malta
90%
2,659,000Cyprus
88%
5,361,000Philippines
88%
1,798,000Sri Lanka
88%
5,600,000Dominican Republic
86%
10,440,000Taiwan
84%
755,000Fiji
83%
1,234,000Maldives
81%
12,052,000Singapore
77%
1,151,000Mauritius
61%
1,200,000Bahrain
57%

Score Distribution

Percentile by Number Answered

Percent of People with Each Score

Your Score History

You have not taken this quiz